| 000 | 00630nam a2200217 a 4500 | ||
|---|---|---|---|
| 001 | BRCA_7210 | ||
| 005 | 20190320205743.0 | ||
| 008 | 170112s1945----u--af#####---#000-0#eng-# | ||
| 041 | _aeng | ||
| 044 | _au | ||
| 050 | 4 |
_aN7343 _b.E26 |
|
| 245 | 1 | 0 |
_aEarly Chinese art _cedited by Laurence C.S. Sickman. |
| 260 |
_aNewton, Mass _bThe University Prints _c[1945] |
||
| 300 |
_a1 estuche _bil., 164 láminas _c21 cm. |
||
| 440 | 0 |
_aUniversity Prints. Oriental art. Series O _vsection II _917863 |
|
| 500 | _aP105 | ||
| 650 | 1 | 4 |
_aArte chino _97252 |
| 700 | 1 |
_aSickman, Laurence C. S. _eed. _917864 |
|
| 902 | _aGFM | ||
| 942 |
_2lcc _cB |
||
| 999 |
_c6891 _d6891 |
||